The definition of working days (Record no. 75722)
[ view plain ]
| 000 -LEADER | |
|---|---|
| fixed length control field | 01288cab a2200193 4500 |
| 001 - CONTROL NUMBER | |
| control field | L130603 |
| 008 - FIXED-LENGTH DATA ELEMENTS--GENERAL INFORMATION | |
| fixed length control field | 050816n2005 000 0 eng u |
| 035 ## - SYSTEM CONTROL NUMBER | |
| System control number | (Sirsi) u130603 |
| 041 ## - LANGUAGE CODE | |
| Language code of text/sound track or separate title | eng |
| 100 ## - MAIN ENTRY--PERSONAL NAME | |
| Personal name | Brewer, Geoff |
| 245 #4 - TITLE STATEMENT | |
| Title | The definition of working days |
| 260 ## - PUBLICATION, DISTRIBUTION, ETC. | |
| Date of publication, distribution, etc. | 2005 |
| 490 ## - SERIES STATEMENT | |
| Series statement | Contract Journal |
| Volume/sequential designation | 429(6537) 10 August 2005, 22(1) |
| 520 ## - SUMMARY, ETC. | |
| Summary, etc. | Discusses the case "Lafarge (Aggregates) Ltd v Newham LBC" [2005 EWHC 1337 (Comm) where there was a dispute over the interpretation of working days in a clause in a contract regarding the service of a notice. The dispute arose over the dating of a notice which was dated 13 October, a Saturday. The court decided that the arbitrator had actually made his decision in an email on 13 August and that consequently the arbitrator had no jurisdiction as the reference to him was not made in time in accordance to the contract provisions. It was also decided that the expression a working day referred to a normal office day and that a notice to refer to arbitration could have been served effectively on a Saturday. |
| 590 ## - LOCAL NOTE (RLIN) | |
| Local note | IKA300805 |
| 650 ## - SUBJECT ADDED ENTRY--TOPICAL TERM | |
| Topical term or geographic name entry element | LAFARGE (AGGREGATES) LTD V NEWHAM LBC |
| 690 ## - LOCAL SUBJECT ADDED ENTRY--TOPICAL TERM (OCLC, RLIN) | |
| Topical term or geographic name as entry element | MANAGEMENT-DISPUTE AVOIDANCE, MANAGEMENT AND RESOLUTION-DISPUTE MANAGEMENT AND RESOLUTION-ARBITRATION |
| 942 ## - ADDED ENTRY ELEMENTS (KOHA) | |
| Suppress in OPAC | 0 |
| Withdrawn status | Lost status | Source of classification or shelving scheme | Damaged status | Not for loan | Home library | Current library | Shelving location | Date acquired | Total Checkouts | Full call number | Barcode | Date last seen | Copy number | Price effective from | Koha item type |
|---|---|---|---|---|---|---|---|---|---|---|---|---|---|---|---|
| Dewey Decimal Classification | London | London | Journal article | 16/08/2005 | L130603 | 130603-1001 | 06/08/2019 | 1 | 06/08/2019 | Journal article |